Catalog

Record Details

Catalog Search



Zemědělci v zemích Jihu tváří v tvář změně klimatu: původci, oběti nebo zachránci?  Cover Image Book Book

Zemědělci v zemích Jihu tváří v tvář změně klimatu: původci, oběti nebo zachránci? / [autoři textů Virginie Pissoort, Paul Ibrahim Thiao]

Record details

  • ISBN: 978-80-905194-7-3 (brož.)
  • Physical Description: 27 s. : barev. il., mapy ; 30 cm
  • Edition: Vyd. 1.
  • Publisher: Praha : Pražský institut pro globální politiku - Glopolis, 2012

Content descriptions

General Note:
Přeloženo z angličtiny?
Bibliography, etc. Note:
Obsahuje bibliografické odkazy
Subject: zemědělství
klimatické změny
Genre: studie

Available copies

  • 1 of 1 copy available at Common Catalog SPOK.

Holds

  • 0 current holds with 1 total copy.
Show All Copies
Location Call Number / Copy Notes Barcode Shelving Location Status Due Date
Varianty GRV Met Pi 4605400297 Šafaříkova 17 - 5. patro, GRV Available -

LDR 01206nam a2200337 a 4500
00131189
003CZ-PrJAB
00520190228150053.0
008121018s2012 xr e cze
015 . ‡acnb002411774
020 . ‡a978-80-905194-7-3 (brož.)
035 . ‡a(CZ PlERL)000603077
035 . ‡a(OCoLC)820694873
040 . ‡aPNA001 ‡bcze
0411 . ‡acze ‡heng
072 7. ‡a63 ‡xZemědělství a příbuzné oblasti vědy a techniky ‡2Konspekt ‡924
080 . ‡a63 ‡2MRF
080 . ‡a551.583 ‡2MRF
080 . ‡a(048.8) ‡2MRF
1001 . ‡aPissoort, Virginie ‡7jo2012729783 ‡4aut
24510. ‡aZemědělci v zemích Jihu tváří v tvář změně klimatu: původci, oběti nebo zachránci? / ‡c[autoři textů Virginie Pissoort, Paul Ibrahim Thiao]
250 . ‡aVyd. 1.
260 . ‡aPraha : ‡bPražský institut pro globální politiku - Glopolis, ‡c2012
300 . ‡a27 s. : ‡bbarev. il., mapy ; ‡c30 cm
500 . ‡aPřeloženo z angličtiny?
504 . ‡aObsahuje bibliografické odkazy
65007. ‡azemědělství ‡7ph116770 ‡2czenas
65007. ‡aklimatické změny ‡7ph134843 ‡2czenas
655 7. ‡astudie ‡2czenas ‡7fd133597
7001 . ‡aThiao, Paul Ibrahim ‡7jo2012729784 ‡4aut
910 . ‡aABH006
901 . ‡a31189 ‡b ‡c31189 ‡tbiblio

Additional Resources